000 00577nam a2200193Ia 4500
005 20250326144758.0
008 250326s9999 xx 000 0 und d
020 _a0-07-059872-X
037 _aTextbook
040 _aFMSL
_beng
_cFMSL
041 _aeng
_2eng
084 _aT:3 N8
_qFMSL
100 _aROSE
_9739626
245 0 _aPresenting and training with magic! : 53 simple tricks you can use to energize any audience
_cROSE
260 _aNew Delhi
_bNew Delhi, Tata McGraw Hill
_c1998
300 _a184p
942 _cTB
_hT:3 N8
999 _c1305015
_d1305015